| 000 | 00361nam a2200145 4500 | ||
|---|---|---|---|
| 020 | _a9798886131451 | ||
| 100 | _aShi, Minjia | ||
| 245 |
_aCodes and modular forms _ba dictionary |
||
| 260 |
_aSingapore _bWorld scientific _c2025 |
||
| 300 | _axiv+217 | ||
| 700 | _aChoie, Youngju | ||
| 700 | _aSharma, Anuradha | ||
| 700 | _aSole, Patrick | ||
| 942 |
_2ddc _cBK |
||
| 999 |
_c748674 _d748674 |
||